| 000 | 02043nam a2200397 ia4500 | ||
|---|---|---|---|
| 005 | 20260518114220.0 | ||
| 008 | 260401t20252025njuao erbf 001 0 eng d | ||
| 020 |
_a9781394295050 _cRM 137.39 _qpaperback |
||
| 040 |
_aPPAK _beng _cPPAk _erda |
||
| 082 | 0 | 4 |
_223 _a005.5 |
| 090 | 0 | 0 |
_a005.5 _bMCF _dG |
| 100 | 1 |
_aMcFedries, Paul, _eauthor. |
|
| 245 | 1 | 0 |
_aMicrosoft 365 Office : _bALL- IN-ONE / _cby Paul McFedries ; Editor : Thomas Hill |
| 246 | 3 | 0 | _aMicrosoft three hundred and sixty-five Office all-in-one |
| 246 | 3 | 0 | _aMicrosoft three hundred and sixty-five Office all-in-one for dummies |
| 246 | 3 | 0 | _aMicrosoft 365 Office all-in-one for dummies |
| 250 | _a3rd Edition | ||
| 264 | 1 |
_aHoboken, New Jersey : _bJohn Wiley & Sons, Inc. , _c2025 |
|
| 264 | 4 | _c©2025 | |
| 300 |
_axxv, 900 pages : _billustrations, photographs ; _c24 cm |
||
| 336 |
_atext _2rdacontent |
||
| 337 |
_aunmediated _2rdamedia |
||
| 338 |
_avolume _2rdacarrier |
||
| 490 | 1 | _aLEARNING MADE EASY | |
| 490 | 1 | _aFor dummies | |
| 500 | _aIncludes index | ||
| 505 | 0 | _aBook 1. Common Office tasks -- Book 2. Word 365 -- Book 3. Excel 365 -- Book 4. PowerPoint 365 -- Book 5. Outlook 365 -- Book 6. Access 365 -- Book 7. Microsoft Teams -- Book 8. File sharing and collaborating. | |
| 520 | _aWith a Microsoft 365 subscription, you get access to top productivity apps. With this book, you get comprehensive guidance on how to mine all that productivity from these classic applications. 950+ pages of content is enough to get you up, running, and knocking out tasks with ease. Learn the basics of each app and discover advanced features that will level up your projects. Plus, you'll learn how the Copilot AI tool can help you write in Word, crunch numbers in Excel, and compose email in Outlook. | ||
| 650 | 1 | 0 | _aMicrosoft Office |
| 650 | 2 | 0 |
_aBusiness _xComputer programs |
| 655 | 7 | _aHandbooks and manuals | |
| 700 | 1 |
_aHill, Thomas, _eeditor. |
|
| 830 | 0 | _aLearning made easy | |
| 830 | 0 | _aFor dummies | |
| 942 |
_2ddc _cB |
||
| 999 |
_c203638 _d203638 |
||